Politicians with Other Careers - Statistics

General Stats
  • This quiz has been taken 14,983 times
    11,430 since last reset
  • The average score is 11 of 19
Answer Stats
Prior career Political position Answer % Correct
Actor U.S. President Ronald Reagan
96%
Property developer / reality TV star U.S. President Donald Trump
95%
Bodybuiler / actor Governor of California Arnold Schwarzenegger
88%
WWII general U.S. President Dwight Eisenhower
85%
First Lady Secretary of State Hillary Clinton
82%
Peanut farmer U.S. President Jimmy Carter
75%
Civil War commanding general U.S. President Ulysses S. Grant
74%
Baseball team owner U.S. President George W. Bush
68%
Entrepreneur Mayor of New York City Michael Bloomberg
49%
Child actress Ambassador Shirley Temple Black
47%
Wrestler / actor Governor of Minnesota Jesse Ventura
45%
President of Princeton U.S. President Woodrow Wilson
42%
Astronaut Ohio Senator John Glenn
38%
Entrepreneur Prime Minister of Italy Silvio Berlusconi
37%
Actor / director Mayor of Carmel, CA Clint Eastwood
35%
CEO Governor of Massachusetts Mitt Romney
35%
Comedian Minnesota Senator Al Franken
33%
Pop singer California Congressman Sonny Bono
24%
Basketball player New Jersey Senator Bill Bradley
16%
No matching quizzes found
Score Distribution
Percent of People with Each Score
Percentile by Number Answered
Your Score History
You have not taken this quiz since the last reset